| 000 | 00488nam a2200193Ia 4500 | ||
|---|---|---|---|
| 001 | 7700 | ||
| 003 | GE_BSU | ||
| 008 | 181216s||||||||xx |||||||||||||| ||und|| | ||
| 040 | _cGE_BSU | ||
| 245 | _aВокруг света. №9 (2876) 2013. | ||
| 245 | _bСентябрь | ||
| 245 | _cГл.ред. А. Монахов | ||
| 260 | _aМосква | ||
| 260 | _bвокруг света | ||
| 260 | _c2013 | ||
| 300 | _a168ст;28см. | ||
| 653 | _aВокруг света | ||
| 942 | _cCR | ||
| 999 |
_c41051 _d41051 |
||